<?xml version="1.0" encoding="UTF-8"?>
<record
    xmlns:xsi="http://www.w3.org/2001/XMLSchema-instance"
    xsi:schemaLocation="http://www.loc.gov/MARC21/slim http://www.loc.gov/standards/marcxml/schema/MARC21slim.xsd"
    xmlns="http://www.loc.gov/MARC21/slim">

  <leader>01270nam a2200217 u 4500</leader>
  <controlfield tag="001">000020254</controlfield>
  <controlfield tag="005">20210112000628.0</controlfield>
  <controlfield tag="008">100802s193u    dr ac   r     000 0 spa d</controlfield>
  <datafield tag="040" ind1=" " ind2=" ">
    <subfield code="a">DO-SdBNP</subfield>
    <subfield code="b">spa</subfield>
    <subfield code="c">BNPHU</subfield>
  </datafield>
  <datafield tag="082" ind1=" " ind2=" ">
    <subfield code="a">xxxxx</subfield>
    <subfield code="b">xxxx</subfield>
  </datafield>
  <datafield tag="245" ind1="0" ind2="0">
    <subfield code="a">Rep&#xFA;blica Dominicana /</subfield>
    <subfield code="c">colaboradores Ram&#xF3;n Emilio Jim&#xE9;nez...[et al.] ; fotograf&#xED;as Quico B&#xE1;ez ; ilustraciones Marianela Jim&#xE9;nez de Ortega...[et al].</subfield>
  </datafield>
  <datafield tag="260" ind1=" " ind2=" ">
    <subfield code="a">[Santo Domingo] :</subfield>
    <subfield code="b">[s.d.],</subfield>
    <subfield code="c">[193-].</subfield>
  </datafield>
  <datafield tag="300" ind1=" " ind2=" ">
    <subfield code="a">v :</subfield>
    <subfield code="b">il., retrs. ;</subfield>
    <subfield code="c">33 cm.</subfield>
  </datafield>
  <datafield tag="490" ind1="0" ind2=" ">
    <subfield code="a">Am&#xE9;rica</subfield>
  </datafield>
  <datafield tag="500" ind1=" " ind2=" ">
    <subfield code="a">La biblioteca solamente posee el tomo 11.</subfield>
  </datafield>
  <datafield tag="505" ind1="0" ind2=" ">
    <subfield code="a">v. XI :</subfield>
    <subfield code="t">Historia --</subfield>
    <subfield code="t">El suelo --</subfield>
    <subfield code="t">El hombre</subfield>
    <subfield code="t">La Rep&#xFA;blica en cifras --</subfield>
    <subfield code="t">Sistema tributario --</subfield>
    <subfield code="t">Bancos --</subfield>
    <subfield code="t">C&#xE1;mara de comercio --</subfield>
    <subfield code="t">Educaci&#xF3;n --</subfield>
    <subfield code="t">Ciudades y pueblos --</subfield>
    <subfield code="t">Bellas artes --</subfield>
    <subfield code="t">Arquitectura --</subfield>
    <subfield code="t">Obras p&#xFA;blicas --</subfield>
    <subfield code="t">Fuerzas armadas --</subfield>
    <subfield code="t">Periodismo --</subfield>
    <subfield code="t">Defensa del hombre --</subfield>
    <subfield code="t">La mujer --</subfield>
    <subfield code="t">Deportes --</subfield>
    <subfield code="t">M&#xFA;sica y folklore --</subfield>
    <subfield code="t">Radio y televisi&#xF3;n --</subfield>
    <subfield code="t">Novelistas --</subfield>
    <subfield code="t">Partido dominicano --</subfield>
    <subfield code="t">La iglesia --</subfield>
    <subfield code="t">La frontera --</subfield>
    <subfield code="t">Industria y comercio --</subfield>
    <subfield code="t">Transportes --</subfield>
    <subfield code="t">Justicia --</subfield>
    <subfield code="t">Antolog&#xED;a po&#xE9;tica --</subfield>
  </datafield>
  <datafield tag="700" ind1="1" ind2=" ">
    <subfield code="a">Jim&#xE9;nez, Ram&#xF3;n Emilio</subfield>
    <subfield code="9">18265</subfield>
  </datafield>
  <datafield tag="700" ind1="1" ind2=" ">
    <subfield code="a">B&#xE1;ez, Quito</subfield>
    <subfield code="e">fot.</subfield>
    <subfield code="9">42870</subfield>
  </datafield>
  <datafield tag="700" ind1="1" ind2=" ">
    <subfield code="a">Jim&#xE9;nez de Ortega, Marianela</subfield>
    <subfield code="e">il.</subfield>
    <subfield code="9">42871</subfield>
  </datafield>
  <datafield tag="830" ind1=" " ind2="0">
    <subfield code="a">Am&#xE9;rica</subfield>
    <subfield code="9">42872</subfield>
  </datafield>
  <datafield tag="952" ind1=" " ind2=" ">
    <subfield code="0">0</subfield>
    <subfield code="1">0</subfield>
    <subfield code="5">4</subfield>
    <subfield code="7">0</subfield>
    <subfield code="8">PD</subfield>
    <subfield code="a">PD</subfield>
    <subfield code="b">PD</subfield>
    <subfield code="c">HD</subfield>
    <subfield code="d">2015-07-22</subfield>
    <subfield code="i">LF1</subfield>
    <subfield code="l">0</subfield>
    <subfield code="o">xxxxx xxxx</subfield>
    <subfield code="p">20254-10</subfield>
    <subfield code="r">2020-06-25</subfield>
    <subfield code="w">2020-06-25</subfield>
    <subfield code="y">LFPD</subfield>
    <subfield code="Z">Pr&#xE9;stamo en sala</subfield>
  </datafield>
  <datafield tag="999" ind1=" " ind2=" ">
    <subfield code="c">19758</subfield>
    <subfield code="d">19758</subfield>
  </datafield>
</record>
